00564 2200181 4500245003700000020001800037250001100055100001600066700001600082650002000098005001900118260003000137041001400167084000800181300002700189500015700216336000900373 aAku Tak MarahcDjokolelonohText a979-795-869-8 aCet. 1 aDjokolelono aDea Anugrah aNovel Indonesia a20231004121650 aJakartabMoka Mediac2014 aIndonesia a813 aiv, 148 hlm. :c19 cm. aAku tak marah bercerita tentang dunia yang dkat sekaligus asing bagi pembaca umum indonesia. Kehidupan warga miskin kota besar dan pinggiran kota besar. atext